| 000 | 00729cab a2200265 4500 | ||
|---|---|---|---|
| 001 | WB3116-71 | ||
| 008 | 090401t1995 xxu||||| |||| 00| 0 eng d | ||
| 035 | _a(Sirsi) u57699 | ||
| 041 | _aeng | ||
| 245 | _aQuick coal sale | ||
| 260 | _c1995 | ||
| 350 | _a0 | ||
| 490 |
_aProperty Week _v51(4) 27 April 1995, 5(1) |
||
| 520 | _aBritish Coal is being forced by the DoE to sell-off 150,000 acres (60,730ha) of surplus land in the run-up to privatisation in 15 months` time. | ||
| 650 | _aBRITISH COAL | ||
| 650 | _aDISPOSAL PROGRAMME | ||
| 650 | _aFARMLAND | ||
| 650 | _aLAND SALES | ||
| 650 | _aPUBLIC LAND | ||
| 650 | _aRICS | ||
| 650 | _aSURPLUS LAND | ||
| 690 | _aLAND | ||
| 942 | _n0 | ||
| 948 | _c04/03/1997 | ||
| 999 |
_c35211 _d35211 |
||